000 00662nam a2200205 4500
005 20250708151626.0
010 _aENG-145810
020 _a9789364444910
_c899.00
035 _aEN-129342
037 _bDBAD
082 _a913
_211
100 _aSaxena, Pallavi
_982792
245 _aMajid's Husain's Geography of India/
_cPallavi Saxena
250 _a11
260 _aTamil Nadu
_bMcgraw Hill Education Pvt Ltd
_c2025
270 _aAnjana Complex No: 5/90 A, Butt Road, St Thomas Mount
_bTamil Nadu
_e600016
300 _axxvi, 886p.
_c27cm(pb)
500 _aFor Civil Services and State Services Examination
942 _2ddc
_cEN
_h913
_mSAX
999 _c212249
_d212249